Marketing. Ekonomické kroky, pokroky a vyhliadky

Priebeh dlhodobej ekonomickej vojny vo svete. Konkurenčný boj podnikateľských subjektov o podiel na trhu. Premeny vo sfére záujmov v mikrorekonomickej oblasti. Analýza jednotlivých desaťročí svetového hospodárstva od 60-tych rokov. Konfrontácia názorov významných nositeľov Nobelovej ceny za ekonómiu...

ver descrição completa

Na minha lista:
Detalhes bibliográficos
Autor principal: Tuma, Miroslav
Formato: Capítulo de Livro
Idioma:eslovaco
Assuntos:
Tags: Adicionar Tag
Sem tags, seja o primeiro a adicionar uma tag!

MARC

LEADER 00000naa a2200000 4500
001 r018324
005 20221213095515.4
041 0 |a slo 
044 |a SK 
245 1 0 |a Marketing. Ekonomické kroky, pokroky a vyhliadky  |c Miroslav Tuma 
520 |a Priebeh dlhodobej ekonomickej vojny vo svete. Konkurenčný boj podnikateľských subjektov o podiel na trhu. Premeny vo sfére záujmov v mikrorekonomickej oblasti. Analýza jednotlivých desaťročí svetového hospodárstva od 60-tych rokov. Konfrontácia názorov významných nositeľov Nobelovej ceny za ekonómiu. Jednotlivé faktory, ktoré ovplyvňujú dosahovanie marketingového strategického cieľa firmy. Zmena názorov na marketing, chápanie moderného marketingu. Riešenie strategických problémov ďalšieho rozvoja sveta. Strategický cieľ ekonomiky Slovenska. 
610 2 0 |a hospodárstvo svetové 
610 2 0 |a konkurencia 
610 2 0 |a marketing 
610 2 0 |a pojmy 
610 2 0 |a hospodárstvo trhové 
610 2 0 |a ekonómovia 
610 2 0 |a Nobelova cena 
610 2 0 |a Keynes, J.M. 
610 2 0 |a Friedman, M. 
610 2 0 |a Samuelson, P.A. 
610 2 0 |a 1960-1995 
610 2 0 |a Nemecko 
610 2 0 |a Švajčiarsko 
610 2 0 |a Francúzsko 
610 2 0 |a Crans Montana 
610 2 0 |a 1995 
610 2 0 |a stratégia hospodárska 
610 2 0 |a Slovensko 
610 2 0 |a politika hospodárska 
100 1 |a Tuma, Miroslav